书目信息 |
| 题名: |
中学英语复习提纲
|
|
| 作者: | ;天津市教育教学研究室 著 | |
| 分册: | ||
| 出版信息: | 天津 天津人民出版社 1980 |
|
| 页数: | 240页 | |
| 开本: | 19cm | |
| 丛书名: | ||
| 单 册: | ||
| 中图分类: | G634.41 , G633.41 | |
| 科图分类: | ||
| 主题词: | 英语--中学--教学参考资料 , 教育--各级 | |
| 电子资源: | ||
| ISBN: | ||
| 000 | 00754nam0 2200265 45 | |
| 001 | 0180001356 | |
| 005 | 20040508082609.5 | |
| 010 | @dCNY0.47 | |
| 091 | @a7072.1158 | |
| 100 | @a19950614d1980 demy0chiy0121 ea | |
| 101 | 0 | @achi |
| 102 | @aCN@b120000 | |
| 105 | @ay z 000yy | |
| 106 | @ar | |
| 200 | 10 | @a中学英语复习提纲@Azhong xue ying yu fu xi ti gang@f天津市教育教学研究室著 |
| 210 | @a天津@c天津人民出版社@d1980 | |
| 215 | @a240页@d19cm | |
| 606 | @a英语@x中学@x教学参考资料 | |
| 606 | 0 | @a教育@x各级 |
| 690 | @aG634.41@v3 | |
| 690 | @aG633.41 | |
| 711 | 02 | @a天津市教育教学研究室@Atian jin shi jiao yu jiao xue yan jiu shi@4著 |
| 801 | 0 | @aCN@b上海图书馆@c20040508 |
| 801 | 2 | @aCN@bNLC@c20040508 |
| 905 | @f1@b26267@dG633.41@e133 | |
| 中学英语复习提纲/天津市教育教学研究室著.-天津:天津人民出版社,1980 |
| 240页;19cm |
| ISBN :CNY0.47 |
| ● |
| 相关链接 |
|
|
|
|
正题名:中学英语复习提纲
索取号:G633.41/133
 
预约/预借
| 序号 | 登录号 | 条形码 | 馆藏地/架位号 | 状态 | 备注 |
| 1 | 0026267 | 000251596 | 密集书库/ [索取号:G633.41/133] | 在馆 |